'G' Whiz Typing Challenge Quiz Stats

 Plays Quiz Updated Apr 12, 2013

Challenge
Share
Tweet
Embed
Score 0/52 Timer 02:00
1 Play Today
% Correct
go
99.9%
age
99.2%
get
98.8%
bag
98.6%
jog
98.3%
gain
98%
drag
97.7%
goal
97.6%
germ
97.5%
bling
97.4%
bazinga
97.3%
finger
97.2%
google
97.2%
agho
95.7%
hugh
95.3%
ghym
94.6%
lughe
94.3%
ghrow
94.3%
ringh
94.2%
togha
94%
ghhost
93.9%
tigher
93.7%
laughh
93.5%
ghorghe
93%
mughgher
92.8%
ghingher
92.8%
% Correct
zg
90.5%
lgs
89.8%
wig
88.6%
bgel
88.1%
lgo
87.4%
bigo
86.3%
rgal
85.5%
thogh
83.1%
forgo
81.7%
pluge
79.9%
cogar
77.9%
frige
75.8%
jgle
68%
leegg
63%
eggoat
59.9%
kinegg
56.8%
egganegg
53.4%
ieggloo
50.3%
shruegg
47%
roeggue
43.8%
badegge
40.6%
aeggree
37.4%
plaeggue
34%
eggaeggeggle
30%
eneggine
27.3%
eeggeggnoegg
22%

You're not logged in!

Compare scores with friends on all Sporcle quizzes.
Join for Free
OR
Log In

You Might Also Like...

Show Comments

Extras

Top Quizzes Today


Score Distribution

Your Account Isn't Verified!

In order to create a playlist on Sporcle, you need to verify the email address you used during registration. Go to your Sporcle Settings to finish the process.

Report this User

Report this user for behavior that violates our Community Guidelines.

Details: